[Event "Individual Absoluto FMA 2010 Fase Final"]
[Site "Madrid"]
[Date "2010.02.23"]
[Round "1.1"]
[White "Ramirez Garcia, Jorge Alberto"]
[Black "Candela Perez, Jose"]
[Result "1/2-1/2"]
[WhiteElo "2175"]
[BlackElo "2416"]
[PlyCount "46"]
[EventDate "2010.02.23"]
[EventType "tourn"]
[EventRounds "11"]
[EventCountry "ESP"]
[EventCategory "3"]
[SourceDate "2010.02.24"]

1. e4 d6 2. d4 Nf6 3. Nc3 g6 4. h3 Bg7 5. Be3 c6 6. g4 e5 7. dxe5 dxe5 8. Qxd8+
Kxd8 9. Bc4 Be6 10. Bxe6 fxe6 11. Nf3 Nbd7 12. a4 Kc7 13. Nd2 Bf8 14. f3 Bb4
15. Ncb1 Bc5 16. Ke2 h5 17. g5 Bxe3 18. Kxe3 Ne8 19. h4 Nd6 20. Nc3 a5 21. b3
b5 22. Rhd1 b4 23. Ne2 c5 1/2-1/2

[Event "Individual Absoluto FMA 2010 Fase Final"]
[Site "Madrid"]
[Date "2010.02.23"]
[Round "1.2"]
[White "Suarez Uriel, Adrian"]
[Black "Almagro Llanas, Pablo"]
[Result "0-1"]
[WhiteElo "2137"]
[BlackElo "2459"]
[PlyCount "86"]
[EventDate "2010.02.23"]
[EventType "tourn"]
[EventRounds "11"]
[EventCountry "ESP"]
[EventCategory "3"]
[SourceDate "2010.02.24"]

1. e4 c6 2. Ne2 d5 3. e5 Qb6 4. d4 e6 5. Nd2 c5 6. c3 Bd7 7. Nf3 Nc6 8. h4 Rc8
9. g3 cxd4 10. Nexd4 Bc5 11. Be2 Nge7 12. O-O Bxd4 13. cxd4 Nf5 14. Be3 Nb4 15.
Ne1 Bb5 16. a3 Nc6 17. Nf3 O-O 18. Bd3 Bxd3 19. Qxd3 Na5 20. g4 Nxe3 21. Qxe3
Qxb2 22. h5 Rc3 23. Qf4 Qe2 24. Kg2 Nb3 25. Rae1 Qxf3+ 26. Qxf3 Rxf3 27. Kxf3
Nd2+ 28. Ke3 Nxf1+ 29. Rxf1 Rc8 30. Kd3 Rc4 31. Rb1 b6 32. f3 Kf8 33. Rb3 Ke7
34. Rb1 Kd7 35. Rb2 Kc6 36. Rb1 b5 37. f4 Kb6 38. f5 Ka5 39. Rb2 Ka4 40. g5
exf5 41. g6 hxg6 42. hxg6 fxg6 43. Rb4+ Ka5 0-1

[Event "Individual Absoluto FMA 2010 Fase Final"]
[Site "Madrid"]
[Date "2010.02.23"]
[Round "1.3"]
[White "Taboas Rodriguez, Daniel"]
[Black "Anton Guijarro, David"]
[Result "0-1"]
[WhiteElo "2378"]
[BlackElo "2302"]
[PlyCount "98"]
[EventDate "2010.02.23"]
[EventType "tourn"]
[EventRounds "11"]
[EventCountry "ESP"]
[EventCategory "3"]
[SourceDate "2010.02.24"]

1. d4 Nf6 2. Nf3 d5 3. c4 e6 4. Nc3 c6 5. Bg5 dxc4 6. a4 Bb4 7. e4 Qa5 8. Bd2
c5 9. Bxc4 cxd4 10. Nxd4 Qc5 11. Bb5+ Nc6 12. Nb3 Qe5 13. O-O O-O 14. Re1 Rd8
15. Qe2 Bd7 16. Rad1 a6 17. Bc4 Na5 18. Nxa5 Bxa5 19. f4 Qc7 20. e5 Bb6+ 21.
Kh1 Ng4 22. Ne4 Nh6 23. b3 Nf5 24. Bb4 Bc6 25. Rxd8+ Rxd8 26. Bd6 Qc8 27. Qh5
Bxe4 28. Rxe4 Nxd6 29. exd6 Rxd6 30. Re1 g6 31. Qf3 Qd7 32. h3 Rd2 33. Rf1 Bc5
34. Kh2 h5 35. h4 Qe7 36. Kh3 Qf6 37. Bd3 Be7 38. g3 Qb2 39. Rh1 Qxb3 40. Be4
Qxa4 41. Bxb7 a5 42. Qc6 Qd4 43. Qe8+ Bf8 44. Rh2 Rxh2+ 45. Kxh2 a4 46. Qc6 a3
47. Qc2 Qa7 48. f5 Qxb7 49. fxg6 Qb2 0-1

[Event "Individual Absoluto FMA 2010 Fase Final"]
[Site "Madrid"]
[Date "2010.02.23"]
[Round "1.4"]
[White "Ballesteros Gonzalez, David"]
[Black "Moreno Ruiz, Javier"]
[Result "0-1"]
[WhiteElo "2227"]
[BlackElo "2455"]
[PlyCount "158"]
[EventDate "2010.02.23"]
[EventType "tourn"]
[EventRounds "11"]
[EventCountry "ESP"]
[EventCategory "3"]
[SourceDate "2010.02.24"]

1. d4 Nf6 2. Nf3 e6 3. c4 Bb4+ 4. Bd2 Qe7 5. g3 Nc6 6. Bg2 Bxd2+ 7. Qxd2 Ne4 8.
Qc2 Qb4+ 9. Nc3 Nxc3 10. Qxc3 Qxc3+ 11. bxc3 Rb8 12. Rb1 b6 13. Nd2 Na5 14. e4
Ba6 15. Bf1 Ke7 16. Be2 c5 17. d5 d6 18. O-O Rhe8 19. Rfe1 Kd7 20. Bf1 Kc7 21.
f4 e5 22. Bd3 f6 23. Kf2 Re7 24. f5 g6 25. g4 Rg7 26. Re3 Rbg8 27. Rg3 Kd7 28.
Rbg1 Ke7 29. Kf3 Rb8 30. Rb1 Kf7 31. Kf2 Rgg8 32. Rb2 h5 33. fxg6+ Kxg6 34.
gxh5+ Kxh5 35. Rh3+ Kg6 36. Rb1 Rh8 37. Rg1+ Kf7 38. Rgg3 Rbf8 39. Kg2 Bc8 40.
Rxh8 Rxh8 41. Nf3 Bd7 42. Nd2 a6 43. Be2 Rh4 44. Rf3 b5 45. Kg3 Rh3+ 46. Kg2
Rh8 47. Bd3 Rb8 48. Rf1 b4 49. cxb4 cxb4 50. Rb1 Rb6 51. h4 Nb7 52. Bc2 Nc5 53.
Kf3 Rb8 54. Kf2 a5 55. Nb3 Nb7 56. Nd2 Rh8 57. a3 Rxh4 58. axb4 Rh2+ 59. Ke3
axb4 60. Rxb4 Nc5 61. Rb1 Bg4 62. Bd1 Rh3+ 63. Kf2 Bxd1 64. Rxd1 Rd3 65. Ke2
Rd4 66. Rb1 Nxe4 67. Nxe4 Rxe4+ 68. Kd3 Rd4+ 69. Kc3 f5 70. Rb7+ Ke8 71. Ra7 f4
72. Ra8+ Ke7 73. Ra7+ Kf6 74. Ra6 Kf5 75. Rxd6 f3 76. Rd8 Ke4 77. d6 f2 78. Rf8
Ke3 79. Rf5 Rxd6 0-1

[Event "Individual Absoluto FMA 2010 Fase Final"]
[Site "Madrid"]
[Date "2010.02.23"]
[Round "1.5"]
[White "Sanchez Gonzalez, Sergio"]
[Black "Cabanas Jimenez, Andres"]
[Result "1/2-1/2"]
[WhiteElo "2322"]
[BlackElo "2174"]
[PlyCount "152"]
[EventDate "2010.02.23"]
[EventType "tourn"]
[EventRounds "11"]
[EventCountry "ESP"]
[EventCategory "3"]
[SourceDate "2010.02.24"]

1. c4 Nf6 2. Nc3 d5 3. cxd5 Nxd5 4. g3 Nxc3 5. bxc3 g6 6. Bg2 Bg7 7. Qb3 Nd7 8.
d4 O-O 9. Nf3 Nb6 10. O-O Be6 11. Qc2 Bc4 12. Re1 a5 13. Nd2 Bd5 14. e4 Bc6 15.
Ba3 Re8 16. Rac1 Ba4 17. Qd3 Rb8 18. Nb3 Bxb3 19. axb3 e5 20. d5 Nc8 21. c4 b6
22. c5 Bf8 23. Bh3 b5 24. Bxc8 Qxc8 25. d6 Rd8 26. Red1 cxd6 27. cxd6 Qe6 28.
Rc6 b4 29. Bc1 a4 30. bxa4 Qa2 31. Qd5 Qxa4 32. Rc7 Rd7 33. Rxd7 Qxd7 34. Qxe5
Bg7 35. Qe7 Qxe7 36. dxe7 Bf6 37. Rd7 Re8 38. Rb7 Bxe7 39. Bd2 Bd6 40. Bxb4
Bxb4 41. Rxb4 h5 42. f4 Re7 43. Kg2 Ra7 44. Rb3 Kf8 45. Kf3 Ra2 46. h3 Rh2 47.
h4 Rh1 48. e5 Re1 49. Re3 Rf1+ 50. Ke4 Ra1 51. Rc3 Ra4+ 52. Kd5 Ra5+ 53. Kd4
Ra4+ 54. Ke3 Ke7 55. Kf3 Ra1 56. Rc7+ Ke6 57. Rc6+ Ke7 58. Rf6 Ra3+ 59. Kg2
Ra2+ 60. Kh3 Rf2 61. Rb6 Re2 62. Rb3 Rf2 63. Re3 Ke6 64. Re1 Rd2 65. Rg1 f6 66.
exf6 Kxf6 67. g4 hxg4+ 68. Kxg4 Ra2 69. Rb1 Rg2+ 70. Kf3 Rh2 71. Kg3 Ra2 72.
Rb6+ Kf5 73. Rb5+ Kf6 74. h5 gxh5 75. Rxh5 Ra1 76. Rh6+ Kf5 1/2-1/2

[Event "Individual Absoluto FMA 2010 Fase Final"]
[Site "Madrid"]
[Date "2010.02.23"]
[Round "1.6"]
[White "Elissalt Cardenas, Hector"]
[Black "Alcazar Jimenez, Jesus Alberto"]
[Result "1-0"]
[WhiteElo "2357"]
[BlackElo "2249"]
[PlyCount "109"]
[EventDate "2010.02.23"]
[EventType "tourn"]
[EventRounds "11"]
[EventCountry "ESP"]
[EventCategory "3"]
[SourceDate "2010.02.24"]

1. d4 g6 2. Nf3 Nf6 3. Nbd2 Bg7 4. e4 d6 5. Be2 O-O 6. O-O Nc6 7. c3 e5 8. dxe5
dxe5 9. h3 Nh5 10. Nc4 Nf4 11. Bxf4 exf4 12. Qxd8 Rxd8 13. a4 Re8 14. Nfd2 f5
15. Bf3 Be6 16. Rfe1 Rad8 17. Re2 Bc8 18. Rae1 Kf7 19. exf5 Bxf5 20. Ne4 Kf8
21. Nc5 Rxe2 22. Rxe2 Bc8 23. Re4 g5 24. Bg4 Bxg4 25. hxg4 Rd1+ 26. Kh2 Nd8 27.
g3 Rd5 28. Ne6+ Nxe6 29. Rxe6 fxg3+ 30. Kxg3 Kf7 31. Re4 a6 32. a5 Bf8 33. Kf3
Bc5 34. Ke2 Kf6 35. Re8 Rd7 36. Rb8 c6 37. b4 Be7 38. Ke3 Rc7 39. Ke4 Ke6 40.
Nb6 Bf6 41. Na4 Be7 42. Kd4 Rd7+ 43. Kc4 Ke5 44. Nb6 Rc7 45. Rh8 Bd6 46. Nc8
Rd7 47. Nxd6 Rxd6 48. Rxh7 Rf6 49. Rxb7 Kf4 50. Rb6 Kxg4 51. Rxa6 Kf3 52. Ra8
g4 53. Rg8 Rf4+ 54. Kc5 Kxf2 55. a6 1-0

[Event "Individual Absoluto FMA 2010 Fase Final"]
[Site "Madrid"]
[Date "2010.02.24"]
[Round "2.1"]
[White "Candela Perez, Jose"]
[Black "Alcazar Jimenez, Jesus Alberto"]
[Result "0-1"]
[WhiteElo "2416"]
[BlackElo "2249"]
[PlyCount "84"]
[EventDate "2010.02.23"]
[EventType "tourn"]
[EventRounds "11"]
[EventCountry "ESP"]
[EventCategory "3"]
[SourceDate "2010.02.24"]

1. e4 c5 2. Nf3 e6 3. Qe2 Nc6 4. g3 g6 5. Bg2 Bg7 6. O-O Nge7 7. d3 d6 8. c3
O-O 9. Na3 Rb8 10. Rd1 e5 11. d4 cxd4 12. cxd4 Nxd4 13. Nxd4 exd4 14. Bf4 Nc6
15. Qd2 Ne5 16. h3 b5 17. Bh6 d3 18. Bxg7 Kxg7 19. f4 b4 20. Nb1 Qb6+ 21. Qf2
Nc4 22. Rxd3 Qxf2+ 23. Kxf2 Nxb2 24. Rxd6 Be6 25. Nd2 Rfc8 26. e5 Rc3 27. Be4
Ra3 28. g4 Nc4 29. Nxc4 Bxc4 30. Rc1 Rxa2+ 31. Ke3 Ra3+ 32. Kd4 Ba2 33. Rc7 b3
34. Bd5 b2 35. Rxf7+ Kh8 36. Bxa2 Rxa2 37. Rdd7 Ra4+ 38. Ke3 Re4+ 39. Kd2 Rd4+
40. Rxd4 b1=Q 41. Rfd7 Rb2+ 42. Ke3 Qe1+ 0-1

[Event "Individual Absoluto FMA 2010 Fase Final"]
[Site "Madrid"]
[Date "2010.02.24"]
[Round "2.2"]
[White "Cabanas Jimenez, Andres"]
[Black "Elissalt Cardenas, Hector"]
[Result "0-1"]
[WhiteElo "2174"]
[BlackElo "2357"]
[PlyCount "170"]
[EventDate "2010.02.23"]
[EventType "tourn"]
[EventRounds "11"]
[EventCountry "ESP"]
[EventCategory "3"]
[SourceDate "2010.02.24"]

1. e4 g6 2. d4 Bg7 3. Nc3 c6 4. Bc4 b5 5. Bb3 d6 6. Qf3 e6 7. Nge2 Nd7 8. h4 h6
9. Bf4 Qe7 10. O-O-O e5 11. Bg3 b4 12. Nb1 Ngf6 13. Nd2 Ba6 14. Nc4 Bxc4 15.
Bxc4 Nb6 16. dxe5 dxe5 17. Bd3 O-O 18. c4 h5 19. Kb1 Bh6 20. Nc1 a5 21. Qe2
Nbd7 22. f3 Nc5 23. Bf2 a4 24. g4 Bf4 25. Bc2 b3 26. axb3 axb3 27. Bxb3 Rfb8
28. Bxc5 Qxc5 29. Rd3 Rb7 30. Rhd1 Kg7 31. Rc3 Bxc1 32. Rdxc1 Rab8 33. Kc2 hxg4
34. fxg4 Qd4 35. Re1 Rb4 36. h5 Qb6 37. Qf3 c5 38. hxg6 fxg6 39. Rf1 Qe6 40.
Rg1 Qc6 41. Re1 Nh7 42. Qg3 Qe6 43. g5 Qe7 44. Rg1 Rf8 45. Qh4 Kg8 46. Rh3 Rf4
47. Qh6 Rf2+ 48. Kc1 Qf7 49. Rgh1 Qf4+ 50. Kb1 Qxe4+ 51. Ka1 Rf7 52. Rd1 Ra7+
53. Ba2 Rb8 54. Rhd3 Nf8 55. Qh3 Rba8 56. Ra3 Rxa3 57. bxa3 Rb8 58. Qc3 Qf4 59.
Re1 Re8 60. Qe3 Qh4 61. Rg1 Qd4+ 62. Qxd4 exd4 63. Kb2 Nd7 64. Bb1 Ne5 65. Kb3
Rb8+ 66. Ka4 Kf7 67. Be4 Ke7 68. Bd5 Nd7 69. Re1+ Kd6 70. Re6+ Kc7 71. Rc6+ Kd8
72. Rxg6 Rb1 73. Rd6 Kc7 74. Rc6+ Kb8 75. Ka5 d3 76. Be6 d2 77. Bg4 d1=Q 78.
Bxd1 Rxd1 79. Rg6 Kc7 80. a4 Rc1 81. Kb5 Rb1+ 82. Ka6 Nb8+ 83. Ka7 Nc6+ 84.
Rxc6+ Kxc6 85. a5 Rg1 0-1

[Event "Individual Absoluto FMA 2010 Fase Final"]
[Site "Madrid"]
[Date "2010.02.24"]
[Round "2.3"]
[White "Moreno Ruiz, Javier"]
[Black "Sanchez Gonzalez, Sergio"]
[Result "0-1"]
[WhiteElo "2455"]
[BlackElo "2322"]
[PlyCount "66"]
[EventDate "2010.02.23"]
[EventType "tourn"]
[EventRounds "11"]
[EventCountry "ESP"]
[EventCategory "3"]
[SourceDate "2010.02.24"]

1. e4 c5 2. c3 d5 3. exd5 Qxd5 4. d4 Nc6 5. Nf3 Bf5 6. dxc5 Qxc5 7. Be3 Qa5 8.
Nbd2 Nf6 9. Qb3 Qc7 10. Bc4 e6 11. Nd4 Nxd4 12. Bxd4 Nd7 13. h3 a6 14. O-O b5
15. Bd5 Rd8 16. Bf3 e5 17. Bd5 Nc5 18. Bxc5 Bxc5 19. Nf3 O-O 20. Rad1 Bg6 21.
Rfe1 Qb6 22. Rd2 e4 23. Nd4 Rfe8 24. a4 Re5 25. Nc6 e3 26. fxe3 Rxe3 27. Kf1
Rxe1+ 28. Kxe1 Re8+ 29. Kf1 Be3 30. Re2 Qc7 31. c4 Qf4+ 32. Ke1 Bd2+ 33. Kd1
Qf1+ 0-1

[Event "Individual Absoluto FMA 2010 Fase Final"]
[Site "Madrid"]
[Date "2010.02.24"]
[Round "2.4"]
[White "Anton Guijarro, David"]
[Black "Ballesteros Gonzalez, David"]
[Result "1-0"]
[WhiteElo "2302"]
[BlackElo "2227"]
[PlyCount "101"]
[EventDate "2010.02.23"]
[EventType "tourn"]
[EventRounds "11"]
[EventCountry "ESP"]
[EventCategory "3"]
[SourceDate "2010.02.24"]

1. d4 Nf6 2. Nf3 g6 3. c4 Bg7 4. Nc3 O-O 5. e4 d6 6. Be2 e5 7. O-O exd4 8. Nxd4
Re8 9. f3 c6 10. Kh1 Na6 11. Nc2 Qe7 12. Re1 Nc5 13. Be3 a5 14. Qd2 Be6 15. Bf1
Red8 16. Qf2 Ncd7 17. Rad1 Ne5 18. c5 d5 19. Bd4 Nfd7 20. exd5 cxd5 21. Qg3 Qf8
22. Bxe5 Nxe5 23. Rxe5 Bxe5 24. Qxe5 Rac8 25. Nd4 Rxc5 26. Nxe6 fxe6 27. Qxe6+
Qf7 28. Qb6 Qc7 29. Qf6 Rf8 30. Qd4 Rf4 31. Qe3 Rf5 32. Re1 Qc6 33. Bd3 Rf7 34.
Na4 d4 35. Qxd4 Rc1 36. Rxc1 Qxc1+ 37. Qg1 Rc7 38. b3 Qd2 39. Bc4+ Kg7 40. Qa1+
Kh6 41. h3 Re7 42. Qf6 Qe1+ 43. Kh2 Qe3 44. Nc3 Re5 45. Ne4 Rf5 46. Qh4+ Kg7
47. Qe7+ Kh6 48. Qh4+ Kg7 49. a4 b6 50. Qe7+ Kh6 51. Bg8 1-0

[Event "Individual Absoluto FMA 2010 Fase Final"]
[Site "Madrid"]
[Date "2010.02.24"]
[Round "2.5"]
[White "Almagro Llanas, Pablo"]
[Black "Taboas Rodriguez, Daniel"]
[Result "0-1"]
[WhiteElo "2459"]
[BlackElo "2378"]
[PlyCount "70"]
[EventDate "2010.02.23"]
[EventType "tourn"]
[EventRounds "11"]
[EventCountry "ESP"]
[EventCategory "3"]
[SourceDate "2010.02.24"]

1. e4 e6 2. d4 d5 3. Nc3 Nf6 4. Bg5 Be7 5. e5 Nfd7 6. h4 Nc6 7. Nf3 f6 8. exf6
Nxf6 9. Bb5 O-O 10. a3 h6 11. Bf4 Ne4 12. Be3 Nxc3 13. bxc3 Bd6 14. c4 Qf6 15.
c5 Bf4 16. Bxc6 Bxe3 17. fxe3 bxc6 18. O-O Ba6 19. Rf2 Rf7 20. Qe1 Raf8 21. Rd1
Qe7 22. Rdd2 Rf5 23. c3 Bb5 24. Rb2 a6 25. Rbd2 Qf6 26. e4 Rf4 27. exd5 exd5
28. Rd1 Qf5 29. Rdd2 Qg4 30. Ne5 Qg3 31. Nd7 R8f5 32. Qe6+ Kh7 33. Rxf4 Rxf4
34. Re2 Bxe2 35. Qxe2 Re4 0-1

[Event "Individual Absoluto FMA 2010 Fase Final"]
[Site "Madrid"]
[Date "2010.02.24"]
[Round "2.6"]
[White "Ramirez Garcia, Jorge Alberto"]
[Black "Suarez Uriel, Adrian"]
[Result "1-0"]
[WhiteElo "2175"]
[BlackElo "2137"]
[PlyCount "43"]
[EventDate "2010.02.23"]
[EventType "tourn"]
[EventRounds "11"]
[EventCountry "ESP"]
[EventCategory "3"]
[SourceDate "2010.02.24"]

1. e4 c5 2. c3 Nf6 3. e5 Nd5 4. Nf3 Nc6 5. Bc4 Nb6 6. Bb3 d5 7. exd6 Qxd6 8.
Na3 a6 9. O-O Be6 10. Bxe6 Qxe6 11. d4 O-O-O 12. Bf4 h6 13. Qc2 g5 14. dxc5
gxf4 15. cxb6 Rg8 16. g3 Qg4 17. Kg2 Rd5 18. Rad1 Rh5 19. Rfe1 f5 20. Qd3 Bg7
21. Qd7+ Kb8 22. Rxe7 1-0

[Event "Individual Absoluto FMA 2010 Fase Final"]
[Site "Madrid"]
[Date "2010.02.25"]
[Round "3.1"]
[White "Suarez Uriel, Adrian"]
[Black "Candela Perez, Jose"]
[Result "0-1"]
[WhiteElo "2137"]
[BlackElo "2416"]
[PlyCount "120"]
[EventDate "2010.02.23"]
[EventType "tourn"]
[EventRounds "11"]
[EventCountry "ESP"]
[EventCategory "3"]
[SourceDate "2010.02.24"]

1. e4 c5 2. Ne2 d6 3. g3 Nf6 4. Bg2 Nc6 5. O-O e6 6. c3 Be7 7. d4 cxd4 8. cxd4
d5 9. e5 Nd7 10. Nbc3 Nb6 11. h4 O-O 12. Nf4 f6 13. Re1 f5 14. Bf1 Bd7 15. b3
a5 16. a3 a4 17. b4 Na7 18. Bb2 g6 19. Nd3 Nc4 20. Nxa4 Bxa4 21. Qxa4 Nxb2 22.
Nxb2 Nc6 23. Qd1 Qb6 24. b5 Nxd4 25. a4 f4 26. a5 Rxa5 27. Na4 Rxa4 28. Rxa4
fxg3 29. Re3 gxf2+ 30. Kh1 Rf4 31. Rh3 Bxh4 32. Qc1 g5 33. Ra8+ Kg7 34. Qc8 Kh6
35. Qg8 Qc5 36. Rc8 Qb4 37. Rc7 Qb1 38. Qg7+ Kh5 39. Qxh7+ Qxh7 40. Rxh7+ Kg4
41. Rd3 Re4 42. Rxb7 Nf5 43. Ra7 Ng3+ 44. Rxg3+ Bxg3 45. Ra3 Bxe5 46. Rb3 Bd6
47. Kg2 Bc5 48. Rg3+ Kf4 49. Rf3+ Ke5 50. Rg3 g4 51. Bd3 Re3 52. Rxe3+ Bxe3 53.
Kg3 Kd4 54. Be2 Kc3 55. Kxg4 Kd2 56. Kf3 e5 57. Bf1 e4+ 58. Kg2 Ke1 59. b6 Bxb6
60. Bb5 d4 0-1

[Event "Individual Absoluto FMA 2010 Fase Final"]
[Site "Madrid"]
[Date "2010.02.25"]
[Round "3.2"]
[White "Taboas Rodriguez, Daniel"]
[Black "Ramirez Garcia, Jorge Alberto"]
[Result "1-0"]
[WhiteElo "2378"]
[BlackElo "2175"]
[PlyCount "125"]
[EventDate "2010.02.23"]
[EventType "tourn"]
[EventRounds "11"]
[EventCountry "ESP"]
[EventCategory "3"]
[SourceDate "2010.02.24"]

1. d4 Nf6 2. c4 e6 3. Nc3 d5 4. Bg5 c6 5. e3 Nbd7 6. Nf3 Qa5 7. Nd2 Bb4 8. Qc2
c5 9. Be2 cxd4 10. exd4 dxc4 11. Bxf6 gxf6 12. Nxc4 Bxc3+ 13. bxc3 Qc7 14. O-O
Nb6 15. Nxb6 Qxb6 16. Rab1 Qc7 17. Bb5+ Bd7 18. Qa4 b6 19. d5 Bxb5 20. Qxb5+
Qd7 21. dxe6 Qxb5 22. exf7+ Kxf7 23. Rxb5 Rac8 24. Rc1 Rhd8 25. g3 Rd2 26. a4
Ra2 27. Rb4 Ra3 28. Rh4 Kg6 29. Rg4+ Kf7 30. Rd1 Rc7 31. Rd6 Ke7 32. Rd3 Kf7
33. Rf4 Ke6 34. Rdf3 f5 35. Re3+ Kf6 36. g4 Rc5 37. Ref3 Ke7 38. Rxf5 Rxf5 39.
Rxf5 Rxa4 40. h3 Ra5 41. Rf4 Ra3 42. Rc4 a5 43. Rc6 Rb3 44. Kg2 a4 45. c4 Kf7
46. f3 a3 47. Rc7+ Kg6 48. Ra7 h5 49. Kg3 hxg4 50. hxg4 Kg5 51. Ra6 Rb4 52.
Rxa3 Rxc4 53. Rb3 Rc6 54. f4+ Kg6 55. Kh4 Rd6 56. Rb5 Rc6 57. f5+ Kh6 58. g5+
Kh7 59. Kh5 Kg7 60. Re5 Rd6 61. Re7+ Kf8 62. Rb7 Rc6 63. f6 1-0

[Event "Individual Absoluto FMA 2010 Fase Final"]
[Site "Madrid"]
[Date "2010.02.25"]
[Round "3.3"]
[White "Ballesteros Gonzalez, David"]
[Black "Almagro Llanas, Pablo"]
[Result "0-1"]
[WhiteElo "2227"]
[BlackElo "2459"]
[PlyCount "110"]
[EventDate "2010.02.23"]
[EventType "tourn"]
[EventRounds "11"]
[EventCountry "ESP"]
[EventCategory "3"]
[SourceDate "2010.02.24"]

1. f4 d5 2. Nf3 Nf6 3. e3 g6 4. b3 Bg7 5. Bb2 O-O 6. d4 c5 7. Bd3 Qc7 8. Nbd2
Nc6 9. Ne5 cxd4 10. exd4 Nb4 11. O-O Nxd3 12. Nxd3 Bg4 13. Nf3 Rac8 14. Rc1 Qa5
15. h3 Bxf3 16. Rxf3 Ne4 17. a4 Nc3 18. Bxc3 Rxc3 19. Ne5 e6 20. Qd2 Rfc8 21.
Nc4 dxc4 22. Rxc3 Bf8 23. Qe3 Bb4 24. Rxc4 Rxc4 25. bxc4 Bd2 26. Qa3 Bxc1 27.
Qxc1 Qxa4 28. d5 exd5 29. cxd5 Qd4+ 30. Kh2 Qxd5 31. Qe3 a6 32. c4 Qxc4 33.
Qe8+ Kg7 34. Qe5+ f6 35. Qe7+ Qf7 36. Qd6 h5 37. h4 Kh7 38. Kh1 a5 39. f5 gxf5
40. Qc5 a4 41. Qxf5+ Kg7 42. Qc5 b5 43. Kh2 Qe8 44. Qc7+ Kg6 45. Qg3+ Kf7 46.
Qf3 Qe5+ 47. g3 Qc5 48. Qb7+ Ke6 49. Qe4+ Kd6 50. Qe8 Qe5 51. Qf8+ Kd5 52. Qf7+
Kc5 53. Qa7+ Kb4 54. Qf2 a3 55. Qd2+ Qc3 0-1

[Event "Individual Absoluto FMA 2010 Fase Final"]
[Site "Madrid"]
[Date "2010.02.25"]
[Round "3.4"]
[White "Sanchez Gonzalez, Sergio"]
[Black "Anton Guijarro, David"]
[Result "1/2-1/2"]
[WhiteElo "2322"]
[BlackElo "2302"]
[PlyCount "88"]
[EventDate "2010.02.23"]
[EventType "tourn"]
[EventRounds "11"]
[EventCountry "ESP"]
[EventCategory "3"]
[SourceDate "2010.02.24"]

1. d4 Nf6 2. g3 c5 3. dxc5 Qa5+ 4. Nd2 e6 5. Bg2 Bxc5 6. e3 Be7 7. Ngf3 O-O 8.
O-O Rd8 9. e4 d6 10. c4 Nc6 11. a3 Qc7 12. b4 a5 13. Rb1 axb4 14. axb4 d5 15.
b5 dxe4 16. bxc6 exf3 17. Qxf3 bxc6 18. Qxc6 Qxc6 19. Bxc6 Ra2 20. Nb3 Ba6 21.
Bb5 Ne4 22. Bxa6 Rxa6 23. Be3 Rc8 24. Rfc1 Rac6 25. c5 h5 26. Na5 Ra6 27. Nb7
Nf6 28. Rb6 Ra7 29. Nd6 Bxd6 30. cxd6 Rxc1+ 31. Bxc1 Nd5 32. Rb8+ Kh7 33. Bb2
Rd7 34. Ba3 Kg6 35. f4 Kf5 36. Rg8 g6 37. Re8 Nf6 38. Re7 Rxe7 39. dxe7 Ne8 40.
Kf2 e5 41. fxe5 Kxe5 42. Ke3 Ke6 43. Kf4 f6 44. h3 Nc7 1/2-1/2

[Event "Individual Absoluto FMA 2010 Fase Final"]
[Site "Madrid"]
[Date "2010.02.25"]
[Round "3.5"]
[White "Elissalt Cardenas, Hector"]
[Black "Moreno Ruiz, Javier"]
[Result "0-1"]
[WhiteElo "2357"]
[BlackElo "2455"]
[PlyCount "114"]
[EventDate "2010.02.23"]
[EventType "tourn"]
[EventRounds "11"]
[EventCountry "ESP"]
[EventCategory "3"]
[SourceDate "2010.02.24"]

1. d4 Nf6 2. Nc3 d5 3. Bg5 Nbd7 4. e3 g6 5. f4 Bg7 6. Nf3 O-O 7. Bd3 c5 8. O-O
a6 9. a3 Qc7 10. Qe1 h6 11. Bh4 b5 12. Bg3 Qb6 13. f5 c4 14. Be2 gxf5 15. Bf4
Bb7 16. Qh4 Qe6 17. Bxh6 Bxh6 18. Qxh6 Ng4 19. Qg5+ Kh8 20. Ne5 Ndxe5 21. Rxf5
Rg8 22. Qh5+ Kg7 23. dxe5 Nxe3 24. Rg5+ Kf8 25. Rxg8+ Kxg8 26. Qg5+ Qg6 27.
Qxe3 d4 28. Qf2 dxc3 29. bxc3 Rd8 30. Rd1 Rxd1+ 31. Bxd1 Qg5 32. Qe2 Bc8 33.
Qh5 Qd2 34. h4 Bb7 35. Qe2 Qxc3 36. h5 Qd4+ 37. Kh2 Qh4+ 38. Kg1 Qd4+ 39. Kh2
Bd5 40. Qe1 Kh7 41. c3 Qf4+ 42. Kh3 Be6+ 43. g4 Kh6 44. Qe2 Kg5 45. Kg2 a5 46.
Qf3 Qxe5 47. Qf2 f6 48. Qd2+ Qf4 49. Qxf4+ Kxf4 50. h6 Bd5+ 51. Kh3 Be4 52. Kh4
e5 53. Be2 a4 54. Bd1 Bg6 55. Be2 e4 56. Bf1 Kf3 57. g5 f5 0-1

[Event "Individual Absoluto FMA 2010 Fase Final"]
[Site "Madrid"]
[Date "2010.02.25"]
[Round "3.6"]
[White "Alcazar Jimenez, Jesus Alberto"]
[Black "Cabanas Jimenez, Andres"]
[Result "0-1"]
[WhiteElo "2249"]
[BlackElo "2174"]
[PlyCount "58"]
[EventDate "2010.02.23"]
[EventType "tourn"]
[EventRounds "11"]
[EventCountry "ESP"]
[EventCategory "3"]
[SourceDate "2010.02.24"]

1. e4 c5 2. Nf3 e6 3. b3 Nc6 4. Bb2 Nf6 5. e5 Nd5 6. c4 Nde7 7. Nc3 Nf5 8. Ne4
d5 9. exd6 Bxd6 10. b4 Nxb4 11. g4 Nd4 12. Nxd4 cxd4 13. Ba3 O-O 14. c5 Bxc5
15. Nxc5 Qd5 16. Bxb4 Qxh1 17. Qc2 a5 18. Ba3 Qf3 19. Nd3 Re8 20. Qa4 Qe4+ 21.
Be2 b5 22. Qb3 Qh1+ 23. Bf1 b4 24. Bb2 e5 25. O-O-O Bxg4 26. Re1 a4 27. Qxb4
Rec8+ 28. Kb1 a3 29. Bxa3 Qf3 0-1

[Event "Individual Absoluto FMA 2010 Fase Final"]
[Site "Madrid"]
[Date "2010.02.26"]
[Round "4.1"]
[White "Candela Perez, Jose"]
[Black "Cabanas Jimenez, Andres"]
[Result "1-0"]
[WhiteElo "2416"]
[BlackElo "2174"]
[PlyCount "75"]
[EventDate "2010.02.23"]
[EventType "tourn"]
[EventRounds "11"]
[EventCountry "ESP"]
[EventCategory "3"]
[SourceDate "2010.02.24"]

1. e4 c5 2. Nf3 e6 3. d4 cxd4 4. Nxd4 a6 5. Nc3 Qc7 6. g3 b5 7. Bg2 Bb7 8. O-O
Nf6 9. Re1 d6 10. a4 bxa4 11. Rxa4 Nbd7 12. Nb3 Nb6 13. Rb4 Nfd7 14. Be3 Be7
15. Bxb6 Nxb6 16. Qd4 Nd7 17. Rc4 Qb6 18. Qxg7 Bf6 19. Qh6 a5 20. Na4 Qb5 21.
Rc7 Bd8 22. Nc3 Qb4 23. Rxb7 Qxb7 24. e5 d5 25. Nxd5 Qa7 26. Qg7 Rf8 27. Nf6+
Bxf6 28. exf6 O-O-O 29. Qg4 Nb6 30. Re5 Qd7 31. Bf3 Qa4 32. Rc5+ Kb8 33. Qg5
Rd6 34. Qe5 Qd7 35. Rb5 Kc8 36. Rc5+ Kd8 37. Nxa5 Nd5 38. Nb7+ 1-0

[Event "Individual Absoluto FMA 2010 Fase Final"]
[Site "Madrid"]
[Date "2010.02.26"]
[Round "4.2"]
[White "Moreno Ruiz, Javier"]
[Black "Alcazar Jimenez, Jesus Alberto"]
[Result "1-0"]
[WhiteElo "2455"]
[BlackElo "2249"]
[PlyCount "109"]
[EventDate "2010.02.23"]
[EventType "tourn"]
[EventRounds "11"]
[EventCountry "ESP"]
[EventCategory "3"]
[SourceDate "2010.02.24"]

1. c4 Nf6 2. g3 g6 3. Bg2 Bg7 4. Nc3 O-O 5. d3 d6 6. e4 c5 7. Nge2 Nc6 8. O-O
a6 9. h3 Rb8 10. a4 Bd7 11. Be3 Ne8 12. d4 cxd4 13. Nxd4 Nc7 14. Rb1 Na5 15.
Qe2 Qc8 16. Nd5 Nxd5 17. cxd5 Qc4 18. b3 Qxe2 19. Nxe2 b5 20. Bd2 Nb7 21. a5 f5
22. b4 fxe4 23. g4 h5 24. gxh5 gxh5 25. Ng3 e6 26. Bxe4 h4 27. Nh5 Be5 28. f4
Bd4+ 29. Kh2 Be8 30. Rg1+ Kh8 31. Rg5 Rg8 32. Rxg8+ Kxg8 33. Bf3 Rc8 34. Rc1
Rxc1 35. Bxc1 Nd8 36. dxe6 Nxe6 37. Bd2 Nc7 38. f5 Bf7 39. Nf4 Kg7 40. Ne6+
Bxe6 41. fxe6 Kf6 42. Bb7 Kxe6 43. Kg2 Bb2 44. Kf3 Ke5 45. Ke3 Nd5+ 46. Kd3 Ba3
47. Bxd5 Kxd5 48. Kc3 Ke4 49. Kb3 Kf3 50. Kxa3 Kg2 51. Kb3 Kxh3 52. Bf4 d5 53.
Kc3 Kg4 54. Bd6 Kf3 55. Kd4 1-0